MARC

LEADER 00000nam0a2200000 4500
001 119946
005 20231101215555.0
035 |a (RuTPU)RU\TPU\book\129866 
090 |a 119946 
100 |a 20070814d1972 m y0rusy50 ca 
101 0 |a rus 
102 |a RU 
105 |a a j 000zy 
200 1 |a Расчет реакционных аппаратов  |e учебное пособие  |f В. И, Ермаков  |g Ярославский политехнический институт 
210 |a Ярославль  |c Изд-во Ярославского политех. инст-та  |d 1977 
215 |a 98с.  |c ил. 
610 1 |a расчет 
610 1 |a реакционные аппараты 
610 1 |a учебные пособия 
610 1 |a реакторы 
610 1 |a смешение 
610 1 |a вытеснение 
610 1 |a аппараты 
610 1 |a мешалки 
610 1 |a моделирование 
610 1 |a оптимизация 
675 |a 66.02(075.8)  |v 3 
700 1 |a Ермаков  |b В. И, 
712 0 2 |a Ярославский политехнический институт  |2 stltpush  |3 (RuTPU)RU\TPU\col\7887  |9 24407 
801 1 |a RU  |b 63413507  |c 20070814  |g PSBO 
801 2 |a RU  |b 63413507  |c 20080922  |g PSBO 
942 |c BK